00772nam a2200205 a 450000100060000000300090000600800410001502000150005604000280007108200080009910000330010724500360014026000340017630000080021050501510021859001360036965000320050594200120053799900170054921247CO-ViMGA141112s2004 ck r 000 u spa d a9583004693 aCO-ViMGAbspacCO-ViMGA04aGRI1 aGrimm, Jacob y Wilhem93028010aCaperucita roja y otros cuentos aBogotá; Panmericana, c1998 a180 aUnojito, Dosojitos, Tresojitos 28 - - La bella durmiente 82 - - el rey pico de tordo 102 - - el sastrecillo valiente 132 - - Caperucita roja 162  aForma de adquisición : Compra fact. 0857 - - Precio : 16500 - - Proveedor : Temas y libros - - Fecha de adquisición : Mayo 200714aCUENTOS INFANTILES ALEMANES 2ddccBK c29875d29875